000 00244nam a2200097Ia 4500
001 683093
005 20250826161431.0
008 250824s9999 xx 000 0 und d
245 0 _aELVEDA BALKANLAR
_cİSMAİL BİLGİN
260 _bTİMAŞ YAYINLARI
999 _c683093
_d683093